Strategic alliance typology and survival chances among medium-sized manufacturing firms in Tanzania

Dôvody na spojenectvá medzi strednými podnikmi. Testovanie hypotéz o znižovaní nákladov, prístupe ku zdrojom a redukcii rizika.

Gespeichert in:
Bibliographische Detailangaben
1. Verfasser: Jeje, Kafigi
Format: Buchkapitel
Sprache:Englisch
Schlagworte:
Tags: Tag hinzufügen
Keine Tags, Fügen Sie das erste Tag hinzu!

MARC

LEADER 00000nla a2200000 4500
001 0215992
005 20240417075106.6
041 0 |a eng 
044 |a CZ 
245 1 0 |a Strategic alliance typology and survival chances among medium-sized manufacturing firms in Tanzania  |c Kafigi Jeje 
520 |a Dôvody na spojenectvá medzi strednými podnikmi. Testovanie hypotéz o znižovaní nákladov, prístupe ku zdrojom a redukcii rizika. 
610 2 0 |a spolupráca podnikov 
610 2 0 |a Tanzánia 
610 2 0 |a kooperácia medzipodniková 
610 2 0 |a typológia podnikov 
610 2 0 |a podnik stredný 
610 2 0 |a analýza regresná 
100 1 |a Jeje, Kafigi